000 00434nam a22001817a 4500
003 MPLRDC
005 20220104165622.0
008 210129b ||||| |||| 00| 0 eng d
020 _a967-9924-02-5
082 _a524.969 LCCI-4 1987
100 _a不详
245 _aLCCI COST ACCOUNTING
_c
250 _a再版
260 _a
_bPROFESSIONAL PUBLICATIONS
_c1987
300 _b
650 _a
942 _cBK
_o524.969 LCCI-4 1987
999 _c57533
_d57523